Statystyki dla Państwa słowiańskie

Kliknij tutaj aby rozwiązać quiz!

Ogólne statystyki

  • Ten quiz został rozwiązany 135 razy
  • Średni wynik to 13 z 13

Statystyki odpowiedzi

Odpowiedź% Poprawnych
Republika Czeska
100%
Rzeczpospolita Polska
100%
Ukraina
100%
Federacja Rosyjska
99%
Republika Białorusi
99%
Republika Słowacka
99%
Republika Słowenii
99%
Bośnia i Hercegowina
98%
Republika Chorwacji
98%
Republika Macedonii Północnej
98%
Republika Serbii
98%
Republika Bułgarii
96%
Czarnogóra
94%

Rozkład punktacji

Percentyl według liczby udzielonych odpowiedzi

Procent ludzi z każdym wynikiem

Twoja historia wyników

Nie rozwiązałeś tego quizu